| 000 | 00673nam a2200205 i 4500 | ||
|---|---|---|---|
| 001 | 27398 | ||
| 003 | ES-MaACL | ||
| 005 | 20250823105353.0 | ||
| 007 | t| | ||
| 008 | 030114s1978 sp ||||1| spa d | ||
| 100 | 1 |
_aAttali, Jacques. _923768 |
|
| 245 | 1 | 0 |
_aRuidos _b: ensayo sobre la economía política de la música / _cJacques Attali ; traducción de José Martín Arancibia. |
| 260 |
_a[Barcelona] : _bRuedo Ibérico, _c[1978] |
||
| 300 |
_a303 p. ; _c22 cm. |
||
| 650 | 7 |
_aMúsica y sociedad _2embne _9169553 |
|
| 700 | 1 |
_aMartín Arancibia, José. _977394 |
|
| 710 | 2 |
_aÉditions Ruedo ibérico. _9145333 |
|
| 852 |
_aES-MaACL _jL-3420 |
||
| 999 |
_c27398 _d27398 |
||